Usborne first encyclopedia of space (Record no. 3026)
[ view plain ]
| 000 -LEADER | |
|---|---|
| fixed length control field | 00935nam a22002897a 4500 |
| 001 - CONTROL NUMBER | |
| control field | 3026 |
| 003 - CONTROL NUMBER IDENTIFIER | |
| control field | FISKH |
| 005 - DATE AND TIME OF LATEST TRANSACTION | |
| control field | 20240131114731.0 |
| 008 - FIXED-LENGTH DATA ELEMENTS--GENERAL INFORMATION | |
| fixed length control field | 240131b cb ||||| |||| 00| 0 eng d |
| 020 ## - INTERNATIONAL STANDARD BOOK NUMBER | |
| International Standard Book Number | 9780545372411 |
| 040 ## - CATALOGING SOURCE | |
| Original cataloging agency | FISKH |
| Language of cataloging | eng |
| Transcribing agency | FISKH |
| Modifying agency | FISKH |
| 050 ## - LIBRARY OF CONGRESS CALL NUMBER | |
| Classification number | QB501.3 |
| 082 ## - DEWEY DECIMAL CLASSIFICATION NUMBER | |
| Classification number | 520 |
| 100 ## - MAIN ENTRY--PERSONAL NAME | |
| Personal name | Dowswell, Paul |
| 245 ## - TITLE STATEMENT | |
| Title | Usborne first encyclopedia of space |
| Statement of responsibility, etc. | by Dowswell, Paul |
| 260 ## - PUBLICATION, DISTRIBUTION, ETC. | |
| Place of publication, distribution, etc. | New York : |
| Name of publisher, distributor, etc. | Scholastic , |
| Date of publication, distribution, etc. | 2001 |
| 300 ## - PHYSICAL DESCRIPTION | |
| Extent | 64 pages : |
| Other physical details | color illustrations ; |
| Dimensions | 28 cm . |
| 490 ## - SERIES STATEMENT | |
| Series statement | Usborne First Encyclopedias |
| 505 ## - FORMATTED CONTENTS NOTE | |
| Formatted contents note | T <br/> |
| 520 ## - SUMMARY, ETC. | |
| Summary, etc. | Simple text, amazing photographs and detailed illustrations introduce young readers to the wonders of the Universe. |
| 521 8# - TARGET AUDIENCE NOTE | |
| Target audience note | 810 <br/> |
| Source | Lexile <br/> |
| 521 8# - TARGET AUDIENCE NOTE | |
| Target audience note | T <br/> |
| Source | Raz-Plus <br/> |
| 600 ## - SUBJECT ADDED ENTRY--PERSONAL NAME | |
| Source of heading or term | astronomy |
| Form subdivision | non-fiction |
| 610 ## - SUBJECT ADDED ENTRY--CORPORATE NAME | |
| Source of heading or term | solar system |
| Form subdivision | non-fiction |
| 700 ## - ADDED ENTRY--PERSONAL NAME | |
| Personal name | Bines Gary , & Hancock, David |
| Relator term | illustrators |
| 942 ## - ADDED ENTRY ELEMENTS (KOHA) | |
| Source of classification or shelving scheme | Dewey Decimal Classification |
| Koha item type | Books |
| Suppress in OPAC | No |
| Withdrawn status | Lost status | Source of classification or shelving scheme | Damaged status | Not for loan | Collection | Home library | Current library | Shelving location | Date acquired | Total Checkouts | Full call number | Barcode | Date last seen | Price effective from | Koha item type |
|---|---|---|---|---|---|---|---|---|---|---|---|---|---|---|---|
| Dewey Decimal Classification | Non-Fiction | Footprints International School Library Network Toul Kork Campus | Footprints International School Library Network Toul Kork Campus | TTP Secondary Non-Fiction Bookshelves | 01/31/2024 | DOW 520 QB501.3 | FISTK00682 | 01/31/2024 | 01/31/2024 | Books |
